Industrial information and design issues
Αποθηκεύτηκε σε:
| Άλλοι συγγραφείς: | , |
|---|---|
| Μορφή: | Βιβλίο |
| Γλώσσα: | English |
| Δημοσίευση: |
Berlin :
Springer,
c1996.
|
| Σειρά: | Data and knowledge in a changing world
|
| Θέματα: | |
| Ετικέτες: |
Προσθήκη ετικέτας
Δεν υπάρχουν, Καταχωρήστε ετικέτα πρώτοι!
|
MARC
| LEADER | 00000cam a2200000 i 4500 | ||
|---|---|---|---|
| 001 | 1/12864 | ||
| 008 | 001101s1996 gw ||| | eng|| | ||
| 020 | |a 3-540-61457-5 | ||
| 035 | |l 10064380 | ||
| 040 | |a GR-MyUA |b gre |e AACR2 | ||
| 041 | 0 | |a eng | |
| 082 | 0 | |a 670.285 | |
| 245 | 1 | 0 | |a Industrial information and design issues / |c J.-E. Dubois, N. Gershon (eds.). |
| 260 | |a Berlin : |b Springer, |c c1996. | ||
| 300 | |a xviii, 293 σ. : |b εικ. ; |c 25 εκ. | ||
| 490 | 1 | |a (Data and knowledge in a changing world) | |
| 504 | |a Περιέχει βιβλιογραφικές αναφορές και ευρετήριο. Περίληψη στα Αγγλικά και Γαλλικά. | ||
| 650 | 0 | 0 | |a Information technology. |
| 650 | 0 | 0 | |a Computer-aided design. |
| 650 | 0 | 0 | |a Information storage and retrieval systems. |
| 700 | 1 | |a Dubois, J. E. |q (Jacques-Emile), |d 1920-2005, |e edt | |
| 700 | 1 | |a Gershon, Nahum, |e edt | |
| 830 | 0 | |a Data and knowledge in a changing world | |
| 852 | |a INST |b SAMOS |e 20001101 |h 670.285 IND |p 005300018664 |q 005300018664 |t BK |y 0 | ||
| 852 | |a INST |b SAMOS |e 20001101 |h 670.285 IND |p 005300018665 |q 005300018665 |t BK |y 0 | ||
| 852 | |a INST |b SAMOS |e 20001101 |h 670.285 IND |p 005300018666 |q 005300018666 |t BK |y 23 | ||
| 852 | |a INST |b SYROS |e 20010122 |h 670.285 IND |p 005500001566 |q 005500001566 |t BK |y 0 | ||
| 901 | |a BIBL5-2001-1 | ||
| 901 | |a BIBL3-2000-3 | ||
| 909 | |a Ε |b 084327 | ||
| 909 | |a Σ |b 079815 | ||
| 909 | |a Σ |b 079816 | ||
| 909 | |a Σ |b 079817 | ||
| 922 | |a 5ΕΛΗ |b 200012 |c ΓΡΑΦΙΚΩΝ ΤΕΧΝΩΝ |d ΜΙΧΑΛΟΠΟΥΛΟΣ | ||
| 922 | |a 3ΕΛΗ |b 200002 |c ΤΠΕΣ/ΠΟΛ |d LEADER | ||
| 950 | |a 183-2000-12-08 | ||
| 970 | |a ΚΟΝΤΟΥ |b ΠΑΡΑΣΚΕΥΗ |z 2001/02/14 | ||
| 970 | |a ΜΑΛΑΓΑΡΗ |b ΦΩΤΕΙΝΗ |z 2000/11/1 | ||